| 000 | 01398nam a2200409 i 4500 | ||
|---|---|---|---|
| 001 | bg | ||
| 003 | BPK | ||
| 005 | 20200814105918.0 | ||
| 008 | 991018s1998 pl |000 0 pol | ||
| 015 | _aPB 1999/16414 | ||
| 020 | _a8372330247 | ||
| 020 | _a8311088012 | ||
| 040 |
_aWA N _cBPK |
||
| 041 | 1 |
_apol _hfre |
|
| 080 | _a94(4)"09/14" | ||
| 080 | _a316.344-058.34/.38(4)"09/14" | ||
| 100 | 1 | _aGoglin, Jean-Louis. | |
| 245 | 1 | 0 |
_aNędzarze w średniowiecznej Europie / _cJean-Louis Goglin ; przeł. Zofia Podgórska-Klawe. |
| 246 | 1 |
_iTyt. oryg.: _aMisérables dans l'Occident médieval, _f1976. |
|
| 260 |
_aWarszawa : _b"Volumen" : _b"Bellona", _c1998. |
||
| 300 |
_a220 s. ; _c22 cm. |
||
| 490 | 1 |
_aNowa Marianna = _aLa Nouvelle Marianne. |
|
| 504 | _aBibliogr. s. 209. | ||
| 650 | 4 |
_aUbóstwo _zEuropa Zachodnia _y10-15 w. |
|
| 651 | 4 |
_aEuropa Zachodnia _xsocjologia _y10-15 w. |
|
| 648 | 4 | _a1201-1300 | |
| 648 | 4 | _a1301-1400 | |
| 648 | 4 | _a1401-1500 | |
| 648 | 4 | _a1001-1100 | |
| 648 | 4 | _a1101-1200 | |
| 648 | 4 | _a 901-1000 | |
| 710 | 2 |
_aDom Wydawniczy Bellona _4pbl. |
|
| 700 | 1 |
_aPodgórska-Klawe, Zofia _eTłumaczenie |
|
| 856 |
_uhttps://koha.tu.koszalin.pl/cgi-bin/koha/opac-detail.pl?biblionumber=34472 _yKatalog online BPK |
||
| 830 | 0 | _aNowa Marianna | |
| 942 |
_2UKD _cKS |
||
| 999 |
_c34472 _d34472 |
||